01861nam a22002897a 4500003000900000008004100009040007100050082002300121110003600144245008800180260005300268300003300321440011500354505082700469650002701296650002501323650001901348650002701367650002901394700002801423700002101451700002001472700001901492700002301511700001901534700001801553AR-CdUCM190425b ||||| |||| 00| 0 spa d aMUNICIPALIDAD PROVINCIAL DEL CUSCOcBIBLIOTECA MUNICIPAL DEL CUSCO aRev.Andi/N°2/1983 aCentro Bartolomé de Las Casas aRevista andina /cCentro de estudios rurales andinos Bartolomé de Las Casas Cusco aCusco :bCentro Bartolomé de Las Casas,c1983. a313-604 páginas. :c23 cm. aPublicación Semestral del Centro Bartolomé de Las Casas Cusco.nTomo I, Número 2, Segundo semestre 1983. aContenido: Los rostros de la plebe. Alberto Flores Galindo. -- Economía campesina en debate. -- ¿Quiénes son los Kallawaya? Nota sobre un enigma etnohistórico. Thierry Saignes. -- El Contra idolatriam de Luis de Teruel y una versión primeriza del mito de Pachacámac Vichama. Pierre Duviols. -- El quichua de los Andes Ecuatoriales: algunos aportes recientes. Frank Salomón. -- Los objetivos de la revolución indígena de 1781: el caso de Oruro. Fernando Cajías. -- Nota acerca de la investigación antropológica y arqueológica en el Perú. Roger Ravines. -- Cusco arqueológico y etnohistórico. Una introducción bibliográfica. Ítalo Oberti. -- Panorama historiográfico de estudios recientes sobre Charcas Colonial. Josep Barnadas. -- Los Aymara. Notas bibliográficas. Josep W. Bastien. aComunidades campesinas aEconomía campesina aCultura andina aLevantamientos andinos aArqueología cusqueña aFlores Galindo, Alberto aSaignes, Thierry aDuviols, Pierre aSalomon, Frank aCajías, Fernando aRavines, Roger aOberti, Italo